Problems in structural design, (Record no. 546736)

000 -LEADER
fixed length control field 00533cam a2200145 4500
082 ## - DEWEY DECIMAL CLASSIFICATION NUMBER
Classification number 624.1771
Author Mark BIS
-- L-20, P-30
100 1# - MAIN ENTRY--PERSONAL NAME
Personal name Bishop, Carlton Thomas,
9 (RLIN) 42934
245 10 - TITLE STATEMENT
Title Problems in structural design,
Remainder of title by Carlton Thomas Bishop.
260 ## - PUBLICATION, DISTRIBUTION, ETC.
Place of publication, distribution, etc. New York,
Name of publisher, distributor, etc. J. Wiley & sons, inc.;
Place of publication, distribution, etc. London,
Name of publisher, distributor, etc. Chapman & Hall, limited,
Date of publication, distribution, etc. 1927.
300 ## - PHYSICAL DESCRIPTION
Extent 2 p. l., iii-v, 60 p.
Other physical details illus., diagrs.
Dimensions 21 x 27 cm.
526 ## - STUDY PROGRAM INFORMATION NOTE
Program name 0
Interest level 0
Reading level 0
Title point value 624_177100000000000_BIS
650 #0 - SUBJECT ADDED ENTRY--TOPICAL TERM
Topical term or geographic name entry element MCE
9 (RLIN) 379
650 #0 - SUBJECT ADDED ENTRY--TOPICAL TERM
Topical term or geographic name entry element Structural analysis (Engineering)
9 (RLIN) 654
942 ## - ADDED ENTRY ELEMENTS (KOHA)
Source of classification or shelving scheme
Koha item type Book
Holdings
Withdrawn status Lost status Source of classification or shelving scheme Damaged status Not for loan Permanent Location Current Location Date acquired Total Checkouts Full call number Barcode Date last seen Price effective from Koha item type
          Military College of Engineering (MCE) Military College of Engineering (MCE) 06/18/2014   624.1771 BIS MCE-30007 06/18/2014 06/18/2014 Book
© 2023 Central Library, National University of Sciences and Technology. All Rights Reserved.